Skład Motoru Lublin 2025/26 - Statystyki

Ogólne statystyki
  • Ten quiz został rozwiązany 118 razy
  • Średni wynik to 19 z 29
Statystyki odpowiedzi
Kraj Zawodnik % Poprawnych
Senegal Mbaye N'diaye
93%
Chorwacja Ivan Brkić
89%
Polska Filip Luberecki
88%
Polska (trener) Mateusz Stolarski
88%
Polska Paweł Stolarski
88%
Polska Karol Czubak
84%
Hiszpania Sergi Samper
84%
Polska Bartosz Wolski
76%
Polska Michał Król
76%
Słowacja Marek Bartos
74%
Polska, Nigeria Bright Ede
71%
Polska Filip Wójcik
71%
Polska, Francja Mathieu Scalet
71%
Słowenia Gasper Tratnik
69%
Portugalia Ivo Rodrigues
69%
Belgia Herve Matthys
64%
Holandia Bradly Van Hoeven
63%
Polska, Niemcy Paskal Meyer
61%
Polska Arkadiusz Najemski
60%
Senegal Christopher Simon
60%
Polska Krystian Palacz
60%
Polska Jakub Łabojko
56%
Kosowo, Niemcy Florian Haxha
54%
Polska Franciszek Lewandowski
48%
Polska Oskar Jeż
43%
Polska Patryk Kukulski
39%
Polska Kacper Karasek
33%
Polska Kacper Plichta
28%
Polska Kacper Szymanek
8%
Nie znaleziono quizów pasujących do podanych kryteriów
Rozkład punktacji
Procent ludzi z każdym wynikiem
Percentyl według liczby udzielonych odpowiedzi
Twoja historia wyników
Nie rozwiązałeś tego quizu